000 00534cam a22001932 4500
001 0000000683
005 20170406112809.0
008 131114s xx 000 0 eng d
020 _c$
040 _aYour Holding Symbol
_cYour Holding Symbol
100 1 _aVawter,Bruce.
245 1 0 _athis man jesus :
_ban essay toward a new testament christology.
250 _a ed.
260 _anew york :
_bimage books,
_c1973.
300 _a 237p. ;
_c cm.
504 _aindex.
650 0 _atheology.
908 _a131114
999 _c607
_d607